000
00300nam a2200121Ia 4500
008
190216s9999||||xx |||||||||||||| ||und||
100
_a
Sabir Kumar Sarkar
245
0
_a
Optical Fibre&Fiber Optics Communication Systems
260
_b
S Chand & Co
300
_a
366
650
_a
Physics
942
_c
BK
999
_c
33936
_d
33936